Czy znasz wszystkich piłkarzy strzelających gola w El Clasico od 2005? - Statystyki

Ogólne statystyki
  • Ten quiz został rozwiązany 356 razy
  • Średni wynik to 34 z 60
Statystyki odpowiedzi
Klub Pozycja Narodowość Piłkarz % Poprawnych
FC Barcelona Skrzydłowy/Napastnik/Pomocnik Argentyna Lionel Messi
98%
Real Madryt Napastnik/Skrzydłowy Portugalia Cristiano Ronaldo
95%
Real Madryt Napastnik Francja Karim Benzema
87%
Real Madrytv Pomocnik Chorwacja Luka Modrić
87%
FC Barcelona Napastnik Urugwaj Luis Suarez
86%
FC Barcelona Skrzydłowy Brazylia Neymar Junior
84%
Real Madryt Skrzydłowy Walia Gareth Bale
83%
FC Barcelona Obrońca Hiszpania Gerrard Pique
81%
Real Madryt Obrońca Hiszpania Sergio Ramos
81%
Real Madryt Pomocnik Niemcy Toni Kroos
81%
Real Madryt Obrońca/Pomocnik Austria David Alaba
79%
FC Barcelona Pomocnik Hiszpania Andres Iniesta
77%
Real Madryt Skrzydłowy Brazylia Vinicius Junior
76%
FC Barcelona Pomocnik Hiszpania Xavi Hernandez
75%
FC Barcelona Pomocnik Chorwacja Ivan Rakitić
74%
FC Barcelona Pomocnik Chile Arturo Vidal
72%
FC Barcelona Obrońca/Skrzydłowy Hiszpania Aleix Vidal
71%
Real Madryt Pomocnik Urugwaj Federico Valverde
71%
Real Madryt Pomocnik Kolumbia James Rodriguez
71%
FC Barcelona Obrońca Hiszpania Carles Puyol
70%
FC Barcelona Skrzydłowy/Pomocnik Brazylia Ronaldinho
70%
Real Madryt Obrońca Brazylia Marcelo
69%
FC Barcelona Obrońca Hiszpania Jordi Alba
68%
Real Madryt Obrońca Portugalia Pepe
67%
Real Madryt Obrońca Francja Raphael Varane
66%
FC Barcelona Skrzydłowy Chile Alexis Sanchez
65%
FC Barcelona Napastnik Kamerun Samuel Eto'o
65%
Real Madryt Pomocnik Brazylia Casemiro
64%
FC Barcelona Napastnik Szwecja Zlatan Ibrahimović
62%
Real Madryt Napastnik Dominikana Mariano Diaz
61%
FC Barcelona Obrońca Brazylia Dani Alves
59%
Real Madryt Skrzydłowy Argentyna Angel Di Maria
58%
FC Barcelona Napastnik Argentyna Sergio Aguero
58%
Real Madryt Pomocnik Francja Zinedine Zidane
53%
Real Madryt Skrzydłowy Hiszpania Marco Asensio
51%
Real Madryt Skrzydłowy Holandia Arjen Robben
49%
Real Madryt Pomocnik Chorwacja Mateo Kovacić
48%
Real Madryt Napastnik Hiszpania Raul Gonzalez
48%
FC Barcelona Napastnik/Skrzydłowy Francja Thierry Henry
48%
FC Barcelona Napastnik/Skrzydłowy Hiszpania David Villa
47%
FC Barcelona Skrzydłowy Hiszpania Pedro Rodriguez
47%
Real Madryt Napastnik Argentyna Gonzalo Higuain
45%
Real Madryt Skrzydłowy/Obrońca Hiszpania Lucas Vazquez
45%
Real Madryt Napastnik Anglia Michael Owen
45%
FC Barcelona Skrzydłowy Hiszpania Ansu Fati
42%
Real Madryt Pomocnik Niemcy Mesut Ozil
42%
Real Madryt Napastnik Brazylia Ronaldo Nazario
40%
FC Barcelona Obrońca Francja Eric Abidal
39%
FC Barcelona Skrzydłowy/Pomocnik Brazylia Philippe Coutinho
38%
Real Madryt Pomocnik Niemcy Sami Khedira
36%
Real Madryt Pomocnik Hiszpania Xabi Alonso
34%
Real Madryt Napastnik Holandia Ruud Van Nistelrooy
31%
FC Barcelona Obrońca Francja Jeremy Mathieu
23%
FC Barcelona Pomocnik Hiszpania Cesc Fabregas
18%
FC Barcelona Obrońca Hiszpania Oscar Mingueza
18%
FC Barcelona Napastnik/Skrzydłowy/Pomocnik Wenezuela Jeffren
16%
Real Madryt Skrzydłowy Hiszpania Jese Rodriguez
16%
FC Barcelona Obrońca Hiszpania Marc Bartra
15%
FC Barcelona Skrzydłowy Brazylia Malcom
12%
Real Madryt Napastnik Brazylia Julio Baptista
7%
Nie znaleziono quizów pasujących do podanych kryteriów
Rozkład punktacji
Procent ludzi z każdym wynikiem
Percentyl według liczby udzielonych odpowiedzi
Twoja historia wyników
Nie rozwiązałeś tego quizu